000 01379nam0a2200337 4500
001 RU\NLR\BIBL_A\022710200
005 20260402151050.0
010 _a978-5-6053379-5-9
_9500
021 _aRU
_bКН-П-25-075789
_9КН-П-25-7346
035 _a(NLR Aleph) 022710200
090 _a13649920
_c13649920
100 _a20260128d2025 c y0rusy50 ca
101 0 _arus
102 _aRU
105 _aa z 000ay
181 0 _ai3
_baxxe
182 0 _an
200 1 _aМанькина тропинка
_e[рассказ]
_eдля старшего дошкольного и младшего школьного возраста
_eдля семейного чтения
_fЕлена Арсенина
_gхудожник А. Миняков
203 _aТекст
_bвизуальный
_cнепосредственный
210 _aСаратов
_cИдолга
_d2025
215 _a77, [2] с.
_cил.
_d21
300 _aНа 4-й с. обл. авт.: Арсенина Елена Николаевна (Елена Арс), писатель, издатель
686 0 _aШ9(2)60=Р7-4
700 1 _7ca
_8rus
_aАрсенина
_bЕ. Н.
_f1966-
_gЕлена Николаевна
_92702772
_3RU\NLR\AUTH\770291619
942 _cBOOK
980 _aNB